[Event "SRB-chT3 North CS"]
[Site "Sabac"]
[Date "2014.10.04"]
[Round "4.2"]
[White "Kojic, Djordje"]
[Black "Dorontic, Zoran"]
[Result "1/2-1/2"]
[WhiteElo "1846"]
[BlackElo "2069"]
[PlyCount "36"]
[EventDate "2014.10.02"]
[EventType "team-swiss"]
[EventRounds "6"]
[EventCountry "SRB"]
[SourceTitle "EXT 2021"]
[Source "ChessBase"]
[SourceDate "2020.10.23"]
[SourceVersion "1"]
[SourceVersionDate "2020.10.23"]
[SourceQuality "1"]

1. d4 Nf6 2. c4 g6 3. Nc3 Bg7 4. e4 d6 5. f4 0-0 6. Nf3 Re8 7. Be2 b6 8. 0-0 e6 9. e5 Nfd7 10. g4 dxe5 11. dxe5 Bb7 12. g5 Nc5 13. Be3 Ne4 14. Qc2 Nxc3 15. Qxc3 Nc6 16. Rad1 Qe7 17. h4 Rad8 18. Nh2 Rxd1 1/2-1/2

[Event "SRB-chT3 North CS"]
[Site "Sabac"]
[Date "2014.10.03"]
[Round "3.4"]
[White "Kojic, Djordje"]
[Black "Polic, Dragan"]
[Result "0-1"]
[WhiteElo "1846"]
[BlackElo "2050"]
[PlyCount "65"]
[EventDate "2014.10.02"]
[EventType "team-swiss"]
[EventRounds "6"]
[EventCountry "SRB"]
[SourceTitle "EXT 2021"]
[Source "ChessBase"]
[SourceDate "2020.10.23"]
[SourceVersion "1"]
[SourceVersionDate "2020.10.23"]
[SourceQuality "1"]

1. Nf3 c5 2. c4 g6 3. Nc3 Bg7 4. e3 d6 5. d4 cxd4 6. exd4 Nf6 7. Be2 0-0 8. 0-0 b6 9. h3 Bb7 10. Be3 Nc6 11. Qd2 Rc8 12. Bh6 Na5 13. Bxg7 Kxg7 14. b3 d5 15. cxd5 Nxd5 16. Nxd5 Bxd5 17. Rac1 Bxf3 18. Bxf3 Qd6 19. Qd3 Nc6 20. Bxc6 Rxc6 21. Rxc6 Qxc6 22. Qe3 Qd6 23. Rc1 Rd8 24. Qe5+ Qxe5 25. dxe5 Rd7 26. Kf1 g5 27. g3 Kg6 28. Rc6+ e6 29. Rd6 Rc7 30. b4 Kf5 31. Rd4 Kxe5 32. Rg4 h6 33. h4 0-1

[Event "SRB-chT3 North CS"]
[Site "Sabac"]
[Date "2014.10.03"]
[Round "2"]
[White "Rikalovic, Dimitrije"]
[Black "Kojic, Djordje"]
[Result "1-0"]
[WhiteElo "1968"]
[BlackElo "1846"]
[PlyCount "59"]
[EventDate "2014.10.02"]
[EventType "team-swiss"]
[EventRounds "6"]
[EventCountry "SRB"]
[SourceTitle "EXT 2021"]
[Source "ChessBase"]
[SourceDate "2020.10.23"]
[SourceVersion "1"]
[SourceVersionDate "2020.10.23"]
[SourceQuality "1"]

1. c4 c6 2. Nc3 d5 3. cxd5 cxd5 4. d4 Nc6 5. Nf3 Nf6 6. e3 a6 7. Bd3 b5 8. Bd2 Bg4 9. h3 Bh5 10. Rc1 Qb6 11. g4 Bg6 12. Bxg6 hxg6 13. g5 Ne4 14. Nxd5 Qb7 15. Qc2 Nxd2 16. Kxd2 Rc8 17. Qc5 e6 18. Qb6 Qd7 19. Nf4 Bb4+ 20. Ke2 0-0 21. Nd3 Qd5 22. Qxa6 Be7 23. Nf4 Qd6 24. Qxb5 Nb4 25. a3 Rb8 26. Qa4 Nd5 27. Nd3 f5 28. Qc6 Qd8 29. Qxe6+ Rf7 30. Nfe5 1-0